|
|
|
|
| LEADER |
00000nab a2200000ua 4500 |
| 001 |
vtls010840276 |
| 003 |
SK-MaSNL |
| 005 |
20260303144228.0 |
| 008 |
230222s1975 xo |||||||||||||||||eng| |
| 035 |
|
|
|a (urnnbn)urn:nbn:sk:snk:ar-a06xd2
|
| 035 |
|
|
|a urn:nbn:sk:snk-ab633i
|
| 035 |
|
|
|a (uuid)acc61945-e994-44fd-a8ff-baf95e41b36a
|
| 040 |
|
|
|a SNKBUCL
|b slo
|c SNKBUCL
|e AACR2
|
| 041 |
0 |
|
|a eng
|
| 044 |
|
|
|a xo
|c SK
|
| 100 |
1 |
|
|a Kopčan, Vojtech,
|d 1940-2000
|4 aut
|9 88197
|
| 245 |
1 |
0 |
|a Bayerle, G.: Ottoman Diplomacy in Hungary. Letters from the Pashas of Buda 1590-1593
|c Vojtech Kopčan
|
| 773 |
0 |
|
|t Asian and African studies
|g Roč. 11, č. 1 (1975), s. 297-300
|
| 958 |
|
|
|a OND
|
| 958 |
|
|
|a EUIPO
|
| 958 |
|
|
|a article5
|
| 999 |
|
|
|c 1995643
|d 1997573
|